| 000 | 01332nam a2200349Ia 4500 | ||
|---|---|---|---|
| 001 | ebr10131674 | ||
| 003 | CaPaEBR | ||
| 006 | m u | ||
| 007 | cr cn||||||||| | ||
| 008 | 031208s2004 enka sb 001 0 eng d | ||
| 010 | _z 2003069590 | ||
| 020 | _z0511210604 | ||
| 020 | _z0521813972 (hbk.) | ||
| 040 |
_aCaPaEBR _cCaPaEBR |
||
| 035 | _a(OCoLC)144618454 | ||
| 050 | 1 | 4 |
_aQ325.5 _b.S475 2004eb |
| 082 | 0 | 4 |
_a006.3/1 _222 |
| 100 | 1 | _aShawe-Taylor, John. | |
| 245 | 1 | 0 |
_aKernel methods for pattern analysis _h[electronic resource] / _cJohn Shawe-Taylor, Nello Cristianini. |
| 260 |
_aCambridge, UK ; _aNew York : _bCambridge University Press, _c2004. |
||
| 300 |
_axiv, 462 p. : _bill. |
||
| 504 | _aIncludes bibliographical references (p. 450-459) and index. | ||
| 533 |
_aElectronic reproduction. _bPalo Alto, Calif. : _cebrary, _d2009. _nAvailable via World Wide Web. _nAccess may be limited to ebrary affiliated libraries. |
||
| 650 | 0 | _aMachine learning. | |
| 650 | 0 | _aAlgorithms. | |
| 650 | 0 | _aKernel functions. | |
| 650 | 0 |
_aPattern perception _xData processing. |
|
| 655 | 7 |
_aElectronic books. _2local |
|
| 700 | 1 | _aCristianini, Nello. | |
| 710 | 2 | _aebrary, Inc. | |
| 856 | 4 | 0 |
_uhttp://site.ebrary.com/lib/rucke/Doc?id=10131674 _zAn electronic book accessible through the World Wide Web; click to view |
| 999 |
_c80073 _d80073 |
||